000 00521nam a2200169Ia 4500
003 LK-CoDNM
008 140723t2021 xxu||||| |||| 00| 1 sin d
020 _a
_a9789553118967
040 _aLK-CoDNM
_dLK-CoDNM
_eLK-CoDNM
041 _asin
080 _a17
_bPAL
100 _aපලිහවඩන, කැනීෂියස්
_vPalihawadana,Keneesiyas
245 _aවර්ග තර්ක ශාස්ත්‍රය
246 _aWarga Tharka Sasthraya
260 _bSarasawi Publisher
_aNugegoda
_c2021
942 _cBK
999 _c80322
_d80322